Największe miasta w europie (ludność) - Statystyki

Ogólne statystyki
  • Ten quiz został rozwiązany 2 079 razy
  • Średni wynik to 16 z 20
Statystyki odpowiedzi
Ludność Miasto % Poprawnych
2 12 228 685 Moskwa
98%
14 1 758 143 Warszawa
98%
9 2 206 488 Paryż
97%
5 3 574 830 Berlin
96%
3 8 787 892 Londyn
96%
6 3 182 981 Madryt
96%
8 2 874 605 Rzym
91%
7 2 933 537 Kijów
87%
16 1 620 809 Barcelona
86%
1 14 804 116 Stambuł
81%
15 1 752 704 Budapeszt
77%
12 1 867 582 Wiedeń
75%
11 1 877 155 Bukareszt
73%
4 5 323 300 Petersburg
73%
17 1 464 301 Monachium
71%
10 1 974 819 Mińsk
66%
19 1 365 156 Mediolan
65%
13 1 810 438 Hamburg
60%
20 1 286 383 Sofia
47%
18 1 447 881 Charków
42%
Nie znaleziono quizów pasujących do podanych kryteriów
Rozkład punktacji
Procent ludzi z każdym wynikiem
Percentyl według liczby udzielonych odpowiedzi
Twoja historia wyników
Nie rozwiązałeś tego quizu